• 首页
  • 本馆介绍
  • 公告通知
  • 最新文献
  • 馆藏检索
  • 电子资源
  • 读者导购
  • 参考咨询
  • 我的图书馆
  • 登录
  • 详细信息显示
  • 放入我的书架
  • 预约/预借图书
  • 作者相关作品
  • 分类相关作品
  • 丛书相关作品
  • 出版社相关作品

书目信息

  • 表格格式
  • 工作单格式
  • 卡片格式
题名:
大外交
    
 
作者: 基辛格 著 ;顾淑馨 , 林添贵 译
分册:  
出版信息: 海口   海南出版社  1998.1
页数: 778页
开本: 21cm
丛书名:
单 册:
中图分类: D80
科图分类:
主题词: 外交理论 , 国际关系理论
电子资源:
ISBN: 7-80617-934-8
000 00674nam0 2200229 45
001 0003170905
005 20041208150852.3
010    @a7-80617-934-8@dCNY39.80
100    @a20000317d1998 km y0chiy0120 ea
101    @achi
105    @a z 000yy
200 1  @a大外交@ADa Wai Jiao@dDIPLOMACY@f(美)亨利·基辛格著@F(Mei)Heng Li·Ji Xin Ge Zhu@g顾淑馨,林添贵译
210    @a海口@c海南出版社@d1998.1
215    @a778页@c插图@d21cm
606 0  @a外交理论
606 0  @a国际关系理论
690    @aD80@v1
701  0 @a基辛格@4著
702  0 @a顾淑馨@AGu Shu Xin@4译
702  0 @a林添贵@ALin Tian Gui@4译
801    @aCN@bTSTC@c20000317
905    @dD80@e10@f1@b288011@b286009@f1
    
    大外交=DIPLOMACY/(美)亨利·基辛格著/顾淑馨,林添贵译.-海口:海南出版社,1998.1
    778页:插图;21cm
    
    
    ISBN 7-80617-934-8:CNY39.80
    
●
相关链接 在E读中查询图书 在五车中查询图书 在当当中查询图书 在豆瓣中查询图书


正题名:大外交     索取号:D80/10         预约/预借

序号 登录号 条形码 馆藏地/架位号 状态 备注
1 0286008   002860087   第一借阅区/ [索取号:D80/10] 在馆    
2 0286009   002860096   第一借阅区/ [索取号:D80/10] 在馆    
3 0286010   002860103   第一借阅区/ [索取号:D80/10] 在馆    
4 0286011   002860112   第一借阅区/ [索取号:D80/10] 在馆    
5 0286012   002860121   第一借阅区/ [索取号:D80/10] 在馆    
唐山师范学院图书馆 欢迎您!
大连网信软件有限公司© 版权所有